| 000 | 00610nam a2200193Ia 4500 | ||
|---|---|---|---|
| 003 | GCL | ||
| 008 | 140319s9999 xx 000 0 ara d | ||
| 040 |
_aGCL / _cGCL |
||
| 082 | 0 | 4 |
_a832.008 _bف س |
| 100 | 1 | _aعبدالغفارمكاوى | |
| 245 | 1 | 0 |
_aسور الصين / _cعبدالغفارمكاوى |
| 700 | 1 | _aفريش، ماكس | |
| 700 | 1 | _aسمير التنداوى (مترجم) | |
| 300 | _a138 ص | ||
| 490 |
_aمسرحيات عالمية _v0 |
||
| 650 | 0 | 4 | _aالمسرحيات الالمانية المترجمة |
| 650 | 0 | 4 | _aالادب الالمانى المترجم |
| 942 |
_2ddc _cBK |
||
| 999 |
_c47013 _d47013 |
||